[Event "Dresden Uhlmann Rapid op"]
[Site "Dresden"]
[Date "2023.05.06"]
[Round "4"]
[White "Hackel, Mario"]
[Black "Eichner, Sebastian"]
[Result "0-1"]
[WhiteElo "2287"]
[BlackElo "2313"]
[PlyCount "53"]
[EventDate "2023.05.06"]
[EventType "swiss (rapid)"]
[EventRounds "7"]
[EventCountry "GER"]
[SourceTitle "CBM 214 Extra"]
[Source "ChessBase"]
[SourceDate "2023.07.31"]
[SourceVersion "1"]
[SourceVersionDate "2023.07.31"]
[SourceQuality "1"]

1. d4 d5 2. c4 c6 3. Nf3 Nf6 4. g3 Bf5 5. Bg2 h6 6. 0-0 e6 7. Nc3 Be7 8. Qb3 Qb6 9. c5 Qxb3 10. axb3 0-0 11. b4 Ne4 12. Nd2 Nxd2 13. Bxd2 a6 14. b5 cxb5 15. e4 dxe4 16. Nxe4 Nc6 17. Be3 Rfd8 18. Rfd1 Nb4 19. Rd2 Nd5 20. Nc3 Nxe3 21. fxe3 Bxc5 22. Bxb7 Ra7 23. Bxa6 Bb4 24. e4 Bxe4 25. Nxe4 Bxd2 26. Nxd2 Rda8 27. Ra5 0-1

[Event "Verbandsliga Suedbaden 1819"]
[Site "Baden"]
[Date "2019.02.17"]
[Round "6.6"]
[White "Hackel, Mario"]
[Black "Kiefer, Gerhard"]
[Result "1/2-1/2"]
[WhiteElo "2299"]
[BlackElo "2296"]
[PlyCount "82"]
[EventDate "2018.10.14"]
[EventType "team-tourn"]
[EventRounds "9"]
[EventCountry "GER"]
[SourceTitle "EXT 2020"]
[Source "ChessBase"]
[SourceDate "2019.10.17"]
[SourceVersion "1"]
[SourceVersionDate "2019.10.17"]
[SourceQuality "1"]
[WhiteTeam "Oetigheim"]
[BlackTeam "Emmendingen II"]
[WhiteTeamCountry "GER"]
[BlackTeamCountry "GER"]

1. d4 Nf6 2. c4 g6 3. Nc3 Bg7 4. e4 d6 5. Nf3 0-0 6. Be2 e5 7. Be3 Ng4 8. Bg5 f6 9. Bc1 f5 10. dxe5 Nxe5 11. exf5 Bxf5 12. Nd4 Nbc6 13. Nxf5 gxf5 14. Nd5 Nd4 15. Be3 Nxe2 16. Qxe2 Ng4 17. 0-0 c6 18. Nf4 Qf6 19. h3 Nxe3 20. fxe3 Rae8 21. Rf3 Qh6 22. Raf1 Re4 23. b3 Rfe8 24. Qd2 Be5 25. Kh1 Bxf4 26. Rxf4 Rxe3 27. Qf2 Re2 28. Qxa7 Qg7 29. R4f2 Rxf2 30. Qxf2 Re5 31. Kh2 d5 32. cxd5 Rxd5 33. Re1 Qc7+ 34. Kh1 Qd8 35. Qe2 Qd7 36. Qh5 Kf8 37. Qh6+ Kg8 38. Qg5+ Kf7 39. Qh6 Kg8 40. Qg5+ Kf7 41. Qh6 Kg8 1/2-1/2

[Event "Verbandsliga Suedbaden 1819"]
[Site "Baden"]
[Date "2019.01.27"]
[Round "5.3"]
[White "Hackel, Mario"]
[Black "Schaedler, Juergen"]
[Result "1/2-1/2"]
[WhiteElo "2299"]
[BlackElo "2098"]
[PlyCount "62"]
[EventDate "2018.10.14"]
[EventType "team-tourn"]
[EventRounds "9"]
[EventCountry "GER"]
[SourceTitle "EXT 2020"]
[Source "ChessBase"]
[SourceDate "2019.10.17"]
[SourceVersion "1"]
[SourceVersionDate "2019.10.17"]
[SourceQuality "1"]
[WhiteTeam "Oetigheim"]
[BlackTeam "Konstanz"]
[WhiteTeamCountry "GER"]
[BlackTeamCountry "GER"]

1. d4 d5 2. c4 dxc4 3. Nf3 Nf6 4. g3 e6 5. Bg2 c5 6. 0-0 Nc6 7. Ne5 Nxe5 8. dxe5 Nd7 9. Na3 Be7 10. Nxc4 0-0 11. a4 Qc7 12. f4 Nb6 13. Nd6 a6 14. Qc2 Nd5 15. Rd1 Rd8 16. Bd2 Bxd6 17. exd6 Rxd6 18. e4 Ne7 19. Be3 Rxd1+ 20. Rxd1 Bd7 21. Qxc5 Bc6 22. Rd2 Rd8 23. Qe5 Qc8 24. Rxd8+ Qxd8 25. Bd4 Qf8 26. Qc7 Qe8 27. Bc5 Ng6 28. e5 Bxg2 29. Kxg2 h6 30. b3 b5 31. a5 Qa8+ 1/2-1/2

[Event "Verbandsliga Suedbaden 1819"]
[Site "Baden"]
[Date "2019.01.13"]
[Round "4.4"]
[White "Hackel, Mario"]
[Black "Scherer, Helmut"]
[Result "1-0"]
[WhiteElo "2299"]
[BlackElo "2278"]
[PlyCount "89"]
[EventDate "2018.10.14"]
[EventType "team-tourn"]
[EventRounds "9"]
[EventCountry "GER"]
[SourceTitle "EXT 2020"]
[Source "ChessBase"]
[SourceDate "2019.10.17"]
[SourceVersion "1"]
[SourceVersionDate "2019.10.17"]
[SourceQuality "1"]
[WhiteTeam "Oetigheim"]
[BlackTeam "Zaehringen"]
[WhiteTeamCountry "GER"]
[BlackTeamCountry "GER"]

1. d4 Nf6 2. Nf3 e6 3. g3 b6 4. Bg2 Bb7 5. 0-0 Be7 6. c4 0-0 7. Nc3 Ne4 8. Bd2 Nxc3 9. Bxc3 d5 10. Qa4 Nd7 11. Rfd1 dxc4 12. Ne5 Bxg2 13. Nxd7 Bd5 14. Nxf8 Bxf8 15. Bb4 Bd6 16. Bxd6 cxd6 17. Qb4 f5 18. a4 a5 19. Qd2 Qd7 20. f3 h6 21. Qc2 Rc8 22. Ra3 Qe8 23. Rc3 Rc7 24. Re1 Qg6 25. Qc1 Rd7 26. Qd2 Rd8 27. Kg2 e5 28. dxe5 dxe5 29. Kg1 Qf6 30. Rd1 Rd7 31. Qe3 Rd6 32. Rc2 Bf7 33. Rcd2 Rxd2 34. Rxd2 f4 35. gxf4 exf4 36. Qd4 Qg5+ 37. Kh1 Qf5 38. Qxb6 Kh7 39. Qd4 Bh5 40. Kg2 Qg5+ 41. Kh1 Qh4 42. Rd1 Bf7 43. Rg1 g6 44. Qe5 Kg8 45. Rd1 1-0

[Event "Verbandsliga Suedbaden 1819"]
[Site "Baden"]
[Date "2018.11.04"]
[Round "2.4"]
[White "Hackel, Mario"]
[Black "Afraoui, Anaelle"]
[Result "1-0"]
[WhiteElo "2299"]
[BlackElo "2028"]
[PlyCount "131"]
[EventDate "2018.10.14"]
[EventType "team-tourn"]
[EventRounds "9"]
[EventCountry "GER"]
[SourceTitle "EXT 2020"]
[Source "ChessBase"]
[SourceDate "2019.10.17"]
[SourceVersion "1"]
[SourceVersionDate "2019.10.17"]
[SourceQuality "1"]
[WhiteTeam "Oetigheim"]
[BlackTeam "Lahr"]
[WhiteTeamCountry "GER"]
[BlackTeamCountry "GER"]

1. d4 Nf6 2. Nf3 g6 3. c4 Bg7 4. Nc3 0-0 5. e4 d6 6. Be2 e5 7. Be3 Nc6 8. d5 Ne7 9. Nd2 a5 10. g4 Nd7 11. g5 f5 12. gxf6 Nxf6 13. h4 h6 14. c5 Bd7 15. a4 Kh7 16. cxd6 cxd6 17. Nc4 Nc8 18. Rg1 Ne8 19. h5 g5 20. Qd2 Nc7 21. Nb6 Nxb6 22. Bxb6 Qb8 23. Ra3 Bf6 24. Nb5 Nxb5 25. Bxb5 Bxb5 26. axb5 Bd8 27. Be3 Qc8 28. b6 Qc4 29. Qd3 Qb4+ 30. Kf1 a4 31. Kg2 Bxb6 32. Rga1 Bxe3 33. Qxe3 Rf4 34. b3 b5 35. bxa4 bxa4 36. Rc1 Rxe4 37. Rc7+ Kg8 38. Qd3 Rb8 39. f3 Re2+ 40. Qxe2 Qxa3 41. Qe4 Qb2+ 42. Kg3 Qb1 43. Rc8+ Kg7 44. Rxb8 Qxb8 45. Qg6+ Kh8 46. Qxh6+ Kg8 47. Qg6+ Kh8 48. Qh6+ Kg8 49. Qxg5+ Kh8 50. Qh6+ Kg8 51. Qg6+ Kh8 52. Qf6+ Kg8 53. h6 Qc7 54. Qg6+ Kh8 55. Qe8+ Kh7 56. Qxa4 Kxh6 57. Qh4+ Kg6 58. Qg4+ Kh6 59. Qe6+ Kh7 60. Kg4 Qg7+ 61. Kh5 Qc7 62. Qg6+ Kh8 63. Kg5 Qc1+ 64. Kf6 Qf4+ 65. Qf5 Qh6+ 66. Ke7 1-0

[Event "Oberliga Baden 0506"]
[Site "Germany"]
[Date "2006.01.15"]
[Round "5.5"]
[White "Al Saleh, Mohammad"]
[Black "Hackel, Mario"]
[Result "1/2-1/2"]
[WhiteElo "1968"]
[BlackElo "2305"]
[PlyCount "51"]
[EventDate "2005.10.23"]
[EventType "team-tourn"]
[EventRounds "9"]
[EventCountry "GER"]
[SourceTitle "EXT 2007"]
[Source "ChessBase"]
[SourceDate "2006.11.23"]
[SourceVersion "1"]
[SourceVersionDate "2006.11.23"]
[SourceQuality "1"]
[WhiteTeam "Konstanz"]
[BlackTeam "Kuppenheim"]
[WhiteTeamCountry "GER"]
[BlackTeamCountry "GER"]

1. e4 g6 2. d4 Bg7 3. Nc3 d6 4. Bg5 Nc6 5. Nge2 h6 6. Bh4 Nf6 7. Qd2 a6 8. 0-0-0 0-0 9. f4 b5 10. e5 dxe5 11. fxe5 Nd5 12. Nxd5 Qxd5 13. Nc3 Qe6 14. d5 Qg4 15. dxc6 Qxh4 16. Nd5 Bxe5 17. g3 Qg5 18. Qxg5 hxg5 19. Nxe7+ Kg7 20. Nxc8 Raxc8 21. a4 bxa4 22. Bxa6 Rb8 23. Bb7 Rh8 24. Rd3 Rbe8 25. Ba6 Rb8 26. Bb7 1/2-1/2

[Event "Oberliga Baden 0304 "]
[Site "Germany"]
[Date "2004.03.21"]
[Round "8.3"]
[White "Hackel, Mario"]
[Black "Weindl, Alfred"]
[Result "0-1"]
[WhiteElo "2336"]
[BlackElo "2351"]
[PlyCount "56"]
[EventDate "2003.10.12"]
[EventType "team-tourn"]
[EventRounds "9"]
[EventCountry "GER"]
[SourceTitle "EXT 2006"]
[Source "ChessBase"]
[SourceDate "2005.11.24"]
[SourceVersion "1"]
[SourceVersionDate "2005.11.24"]
[SourceQuality "1"]
[WhiteTeam "Kuppenheim"]
[BlackTeam "Konstanz"]
[WhiteTeamCountry "GER"]
[BlackTeamCountry "GER"]

1. d4 Nf6 2. c4 g6 3. Nc3 Bg7 4. e4 d6 5. Nf3 0-0 6. Be2 e5 7. Be3 Ng4 8. Bg5 f6 9. Bc1 c6 10. h3 Nh6 11. h4 Na6 12. h5 g5 13. c5 exd4 14. Nxd4 dxc5 15. Qb3+ Kh8 16. Ne6 Bxe6 17. Qxe6 Nb4 18. Qb3 b5 19. Be3 Qe7 20. a3 Na6 21. Qc2 Rad8 22. 0-0 f5 23. Qc1 f4 24. Bd2 Nc7 25. Re1 Be5 26. a4 b4 27. Na2 g4 28. g3 Ne6 0-1

[Event "Oberliga Baden 0304 "]
[Site "Germany"]
[Date "2003.11.23"]
[Round "3.3"]
[White "Hackel, Mario"]
[Black "Fuchs, Heinz"]
[Result "0-1"]
[WhiteElo "2336"]
[BlackElo "2311"]
[PlyCount "68"]
[EventDate "2003.10.12"]
[EventType "team-tourn"]
[EventRounds "9"]
[EventCountry "GER"]
[SourceTitle "EXT 2006"]
[Source "ChessBase"]
[SourceDate "2005.11.24"]
[SourceVersion "1"]
[SourceVersionDate "2005.11.24"]
[SourceQuality "1"]
[WhiteTeam "Kuppenheim"]
[BlackTeam "Untergrombach"]
[WhiteTeamCountry "GER"]
[BlackTeamCountry "GER"]

1. d4 Nf6 2. c4 g6 3. Nc3 Bg7 4. e4 d6 5. Be2 0-0 6. Nf3 e5 7. Be3 Ng4 8. Bg5 f6 9. Bc1 Nh6 10. h4 Nf7 11. h5 g5 12. Be3 c6 13. Qb3 Qe7 14. 0-0-0 h6 15. Qa3 Re8 16. c5 dxc5 17. dxe5 Nd7 18. exf6 Bxf6 19. e5 Nfxe5 20. Ne4 Bg7 21. Nd6 Rf8 22. Rhe1 b6 23. Qb3+ Kh8 24. Qc2 Qf6 25. Rd2 Nxf3 26. Bxf3 Ne5 27. Be4 Be6 28. f3 Rad8 29. Red1 Rd7 30. Bg6 Qe7 31. Qe4 Bd5 32. Nf5 Qf6 33. Qc2 Nxg6 34. hxg6 Qxf5 0-1

[Event "Oberliga Baden 0203"]
[Site "Germany"]
[Date "2003.03.09"]
[Round "8.3"]
[White "Reinhardt, Bernd"]
[Black "Hackel, Mario"]
[Result "1-0"]
[WhiteElo "2316"]
[BlackElo "2337"]
[PlyCount "95"]
[EventDate "2002.10.20"]
[EventType "team-tourn"]
[EventRounds "9"]
[EventCountry "GER"]
[SourceTitle "EXT 2018"]
[Source "ChessBase"]
[SourceDate "2017.10.13"]
[SourceVersion "1"]
[SourceVersionDate "2017.10.13"]
[SourceQuality "1"]
[WhiteTeam "Eppingen II"]
[BlackTeam "Kuppenheim"]
[WhiteTeamCountry "GER"]
[BlackTeamCountry "GER"]

1. e4 Nf6 2. d3 d5 3. e5 Nfd7 4. f4 e6 5. Nf3 c5 6. c4 Nb6 7. Nc3 Be7 8. Be2 0-0 9. 0-0 Nc6 10. a4 Rb8 11. Kh1 f6 12. Bd2 fxe5 13. fxe5 d4 14. Ne4 Nd7 15. Qe1 Rxf3 16. gxf3 Bh4 17. Qc1 Ncxe5 18. Bg5 Bxg5 19. Qxg5 Qxg5 20. Nxg5 Nf6 21. f4 Ng6 22. Rae1 h6 23. Nxe6 Bxe6 24. f5 Bf7 25. fxg6 Bxg6 26. Rg1 Kf7 27. Bf1 Rd8 28. Rg3 Rd6 29. Bh3 Bh7 30. Re5 b6 31. a5 g5 32. Rf3 Bg6 33. Bf5 Bh5 34. Rf2 Rc6 35. Be4 Rd6 36. Bd5+ Kg6 37. h3 Bd1 38. a6 Bb3 39. Re6 Rxe6 40. Bxe6 b5 41. Bf5+ Kh5 42. cxb5 Kh4 43. Bc8 Nh5 44. Bb7 Ng3+ 45. Kg2 c4 46. dxc4 d3 47. b6 Ne2 48. Rxe2 1-0

[Event "Oberliga Baden 0203"]
[Site "Germany"]
[Date "2003.01.26"]
[Round "5.3"]
[White "Hackel, Mario"]
[Black "Kountz, Jochen"]
[Result "1/2-1/2"]
[WhiteElo "2337"]
[BlackElo "2331"]
[PlyCount "24"]
[EventDate "2002.10.20"]
[EventType "team-tourn"]
[EventRounds "9"]
[EventCountry "GER"]
[SourceTitle "EXT 2018"]
[Source "ChessBase"]
[SourceDate "2017.10.13"]
[SourceVersion "1"]
[SourceVersionDate "2017.10.13"]
[SourceQuality "1"]
[WhiteTeam "Kuppenheim"]
[BlackTeam "Untergrombach"]
[WhiteTeamCountry "GER"]
[BlackTeamCountry "GER"]

1. d4 Nf6 2. c4 e5 3. dxe5 Ne4 4. Qc2 Bb4+ 5. Nd2 d5 6. e3 Nc6 7. Ngf3 Bg4 8. a3 Bxd2+ 9. Nxd2 Nxd2 10. Bxd2 Nxe5 11. Qc3 f6 12. f3 Be6 1/2-1/2

[Event "Baden OL 0102"]
[Site "Germany"]
[Date "2002.04.28"]
[Round "9.1"]
[White "Mathonia, Claude"]
[Black "Hackel, Mario"]
[Result "1/2-1/2"]
[WhiteElo "2197"]
[BlackElo "2338"]
[PlyCount "31"]
[EventDate "2001.10.07"]
[EventType "team"]
[EventRounds "9"]
[EventCountry "GER"]
[SourceTitle "EXT 2003"]
[Source "ChessBase"]
[SourceDate "2002.11.25"]
[SourceVersion "1"]
[SourceVersionDate "2002.11.25"]
[SourceQuality "1"]
[WhiteTeam "Zaehringen"]
[BlackTeam "Kuppenheim"]
[WhiteTeamCountry "GER"]
[BlackTeamCountry "GER"]

1. d4 Nf6 2. Nf3 g6 3. g3 Bg7 4. Bg2 c5 5. c3 cxd4 6. cxd4 0-0 7. 0-0 d5 8. Nc3 Ne4 9. Ne5 Nxc3 10. bxc3 Nd7 11. Nxd7 Qxd7 12. Qb3 e6 13. e4 dxe4 14. Bxe4 Qc7 15. Bf4 e5 16. dxe5 1/2-1/2

[Event "Baden OL 0102"]
[Site "Germany"]
[Date "2002.03.17"]
[Round "7.1"]
[White "Weindl, Alfred"]
[Black "Hackel, Mario"]
[Result "1-0"]
[WhiteElo "2360"]
[BlackElo "2338"]
[PlyCount "83"]
[EventDate "2001.10.07"]
[EventType "team"]
[EventRounds "9"]
[EventCountry "GER"]
[SourceTitle "EXT 2003"]
[Source "ChessBase"]
[SourceDate "2002.11.25"]
[SourceVersion "1"]
[SourceVersionDate "2002.11.25"]
[SourceQuality "1"]
[WhiteTeam "Konstanz"]
[BlackTeam "Kuppenheim"]
[WhiteTeamCountry "GER"]
[BlackTeamCountry "GER"]

1. Nf3 Nf6 2. g3 d5 3. Bg2 c5 4. 0-0 Nc6 5. d3 e5 6. e4 d4 7. a4 Be7 8. Na3 Qc7 9. Nh4 g6 10. f4 h6 11. Nf3 Bg4 12. Qe1 Nd7 13. Nd2 g5 14. h3 Bh5 15. g4 Bg6 16. fxg5 hxg5 17. Ndc4 Nf8 18. Nb5 Qb8 19. Rf5 Ne6 20. Bd2 Nf4 21. Qf1 f6 22. c3 Qd8 23. cxd4 a6 24. Nc3 Nxd4 25. Rxf4 gxf4 26. Nd5 Nb3 27. Bc3 Nxa1 28. Ba5 b6 29. Bxb6 Qb8 30. Qxa1 f3 31. Bf1 Ra7 32. Qd1 Bf7 33. Qxf3 Bxd5 34. exd5 Rd7 35. Bg2 Rh6 36. Qf5 Rb7 37. a5 Bd8 38. Qe6+ Kf8 39. d6 Bxb6 40. Nxb6 Rxb6 41. Qe7+ Kg8 42. axb6 1-0

[Event "Baden OL 0102"]
[Site "Germany"]
[Date "2002.02.03"]
[Round "5.1"]
[White "Ikonnikov, Vyacheslav"]
[Black "Hackel, Mario"]
[Result "1-0"]
[WhiteElo "2559"]
[BlackElo "2338"]
[PlyCount "75"]
[EventDate "2001.10.07"]
[EventType "team"]
[EventRounds "9"]
[EventCountry "GER"]
[SourceTitle "EXT 2003"]
[Source "ChessBase"]
[SourceDate "2002.11.25"]
[SourceVersion "1"]
[SourceVersionDate "2002.11.25"]
[SourceQuality "1"]
[WhiteTeam "Heidelberg"]
[BlackTeam "Kuppenheim"]
[WhiteTeamCountry "GER"]
[BlackTeamCountry "GER"]

1. d4 Nf6 2. Nf3 e6 3. c4 Bb4+ 4. Bd2 c5 5. Bxb4 cxb4 6. a3 bxa3 7. Rxa3 0-0 8. Nc3 d6 9. e3 Nc6 10. Be2 e5 11. 0-0 Bg4 12. h3 Bxf3 13. Bxf3 exd4 14. exd4 Qb6 15. Rb3 Qc7 16. Qd3 a5 17. Rb5 Nb4 18. Qd2 Qxc4 19. Ra1 Rfb8 20. Raxa5 Rxa5 21. Rxa5 b6 22. Ra4 b5 23. Be2 Qb3 24. Bxb5 h6 25. Ra3 Qc2 26. Qxc2 Nxc2 27. Ra4 Nd5 28. Bd3 Ndb4 29. Bf1 Nxd4 30. Nb5 Ndc6 31. Nxd6 Rd8 32. Nf5 Rd1 33. Ne7+ Kf8 34. Nxc6 Nxc6 35. f3 Rd2 36. b4 Rb2 37. b5 Nd4 38. Rxd4 1-0

[Event "Bundesliga 0001"]
[Site "Germany"]
[Date "2001.03.10"]
[Round "10.6"]
[White "Hackel, Mario"]
[Black "Neidhardt, Claus Ulrich"]
[Result "1-0"]
[WhiteElo "2338"]
[BlackElo "2429"]
[PlyCount "75"]
[EventDate "2000.10.14"]
[EventType "team-tourn"]
[EventRounds "15"]
[EventCountry "GER"]
[SourceTitle "CBM 082"]
[Source "ChessBase"]
[SourceDate "2001.05.17"]
[SourceVersion "1"]
[SourceVersionDate "2001.05.17"]
[SourceQuality "1"]
[WhiteTeam "Koenig Plauen"]
[BlackTeam "Schott Mainz"]
[WhiteTeamCountry "GER"]
[BlackTeamCountry "GER"]

1. d4 d5 2. Nf3 Nf6 3. c4 e6 4. g3 Bb4+ 5. Bd2 Be7 6. Bg2 0-0 7. 0-0 c6 8. Qc2 Nbd7 9. Rd1 b6 10. a4 Ba6 11. b3 Rc8 12. a5 c5 13. axb6 Qxb6 14. Ba5 Qb8 15. Nbd2 cxd4 16. Nxd4 Bc5 17. Bc3 Qb6 18. e3 Rfe8 19. b4 Bxd4 20. Bxd4 Qb7 21. Qa2 e5 22. Bc5 Nb8 23. Bd6 Re6 24. Bc5 Rd8 25. cxd5 Ree8 26. Ne4 Nxe4 27. Bxe4 g6 28. f3 Qd7 29. d6 Kg7 30. Qb2 Kh6 31. Ra5 Qc8 32. Bxa7 f5 33. Bxb8 fxe4 34. Bc7 exf3 35. Bxd8 Be2 36. Rxe5 Qh3 37. Bg5+ Kh5 38. Bf4+ 1-0

[Event "Bundesliga 9900"]
[Site "Germany"]
[Date "1999.12.11"]
[Round "5.4"]
[White "David, Alberto"]
[Black "Hackel, Mario"]
[Result "1-0"]
[WhiteElo "2544"]
[BlackElo "2353"]
[PlyCount "89"]
[EventDate "1999.10.09"]
[EventType "team-tourn"]
[EventRounds "15"]
[EventCountry "GER"]
[SourceTitle "CBM 073 Extra"]
[Source "ChessBase"]
[SourceDate "2000.01.11"]
[SourceVersion "1"]
[SourceVersionDate "2000.01.11"]
[SourceQuality "1"]
[WhiteTeam "Godesberg"]
[BlackTeam "Koenig Plauen"]
[WhiteTeamCountry "GER"]
[BlackTeamCountry "GER"]

1. e4 g6 2. d4 Bg7 3. Nc3 d6 4. Be3 a6 5. Qd2 b5 6. f3 Nd7 7. h4 h6 8. Nge2 Bb7 9. d5 Ne5 10. Nd4 Nf6 11. a4 bxa4 12. Nxa4 Nfd7 13. Be2 c5 14. Nb3 Nb6 15. Na5 Bc8 16. 0-0 Bd7 17. Nxb6 Qxb6 18. c3 Bf6 19. b4 Bxh4 20. bxc5 dxc5 21. f4 Ng4 22. Bxg4 Bxg4 23. Nc6 0-0 24. g3 Bf6 25. e5 Bg7 26. Nxe7+ Kh7 27. Rfb1 Qa7 28. d6 Rfe8 29. Qf2 Rab8 30. Bxc5 Qa8 31. Bd4 Bf8 32. Rxb8 Rxb8 33. f5 gxf5 34. Nxf5 Qe4 35. Rf1 Rb1 36. Ne3 Be6 37. Ng2 Rxf1+ 38. Qxf1 a5 39. Nf4 Bd7 40. Nh5 Bg7 41. Nxg7 Qg4 42. Kh2 a4 43. e6 fxe6 44. Qf7 Qe2+ 45. Kh3 1-0

[Event "Bundesliga 9900"]
[Site "Germany"]
[Date "1999.11.06"]
[Round "3.6"]
[White "Hackel, Mario"]
[Black "Stangl, Markus"]
[Result "1-0"]
[WhiteElo "2353"]
[BlackElo "2517"]
[PlyCount "133"]
[EventDate "1999.10.09"]
[EventType "team-tourn"]
[EventRounds "15"]
[EventCountry "GER"]
[SourceTitle "EXT 2000"]
[Source "ChessBase"]
[SourceDate "1999.11.16"]
[SourceVersion "1"]
[SourceVersionDate "1999.11.16"]
[SourceQuality "1"]
[WhiteTeam "Koenig Plauen"]
[BlackTeam "Passau"]
[WhiteTeamCountry "GER"]
[BlackTeamCountry "GER"]

1. d4 d5 2. c4 e6 3. Nf3 c6 4. Nc3 dxc4 5. a4 Bb4 6. e3 b5 7. Bd2 a5 8. axb5 Bxc3 9. Bxc3 cxb5 10. b3 Bb7 11. d5 Nf6 12. bxc4 b4 13. Bxf6 Qxf6 14. Qa4+ Nd7 15. Nd4 e5 16. Nb3 Ke7 17. Qb5 Ba6 18. Qc6 Qxc6 19. dxc6 Nb6 20. Rxa5 Bxc4 21. Bxc4 Nxc4 22. Rc5 Ra3 23. Rxc4 Rxb3 24. Ke2 Rc8 25. Rd1 Rc7 26. Rd5 Ke6 27. Rb5 Rc3 28. Rxc3 bxc3 29. Rc5 Kd6 30. Rxc3 Rxc6 31. Ra3 e4 32. Ra7 Rc2+ 33. Kf1 Rc1+ 34. Ke2 Ke6 35. Ra6+ Kf5 36. Ra5+ Kg6 37. h4 Rh1 38. g3 f5 39. Ra7 Kh6 40. Rf7 g6 41. Kd2 Rb1 42. Ke2 Ra1 43. Rd7 Rb1 44. Rd1 Rxd1 45. Kxd1 Kh5 46. Ke1 Kg4 47. Ke2 Kh3 48. Kf1 Kh2 49. Ke2 Kg2 50. Ke1 Kf3 51. Kf1 f4 52. gxf4 Kg4 53. Kg2 h6 54. h5 g5 55. fxg5 Kxg5 56. Kg3 Kxh5 57. Kf4 Kh4 58. Kxe4 Kg4 59. Kd3 Kf3 60. e4 Kf4 61. f3 h5 62. Ke2 Kg3 63. e5 h4 64. e6 h3 65. e7 h2 66. e8Q h1Q 67. Qe5+ 1-0

[Event "Bundesliga 9900"]
[Site "Germany"]
[Date "1999.10.10"]
[Round "2.5"]
[White "Kraut, Rainer"]
[Black "Hackel, Mario"]
[Result "1-0"]
[WhiteElo "2453"]
[BlackElo "2353"]
[PlyCount "83"]
[EventDate "1999.10.09"]
[EventType "team-tourn"]
[EventRounds "15"]
[EventCountry "GER"]
[SourceTitle "EXT 2000"]
[Source "ChessBase"]
[SourceDate "1999.11.16"]
[SourceVersion "1"]
[SourceVersionDate "1999.11.16"]
[SourceQuality "1"]
[WhiteTeam "Duisburg"]
[BlackTeam "Koenig Plauen"]
[WhiteTeamCountry "GER"]
[BlackTeamCountry "GER"]

1. e4 g6 2. d4 Bg7 3. Nc3 d6 4. Be3 c6 5. a4 Nf6 6. h3 0-0 7. Nf3 Qc7 8. a5 Nbd7 9. Be2 e5 10. dxe5 dxe5 11. Bc4 h6 12. 0-0 Kh7 13. Qb1 Ne8 14. Rd1 Nd6 15. Qa2 f5 16. Be6 f4 17. Qa3 fxe3 18. Qxd6 exf2+ 19. Kxf2 Qxd6 20. Rxd6 Nc5 21. Bxc8 Raxc8 22. Rad1 Rf7 23. Ke3 Re8 24. b4 Ne6 25. Ne2 h5 26. Rd7 Ree7 27. Rxe7 Rxe7 28. Rd6 Bh6+ 29. Kd3 Nc7 30. Kc4 Ne8 31. Rd8 Nf6 32. Nc3 Be3 33. Rd6 Ne8 34. Rd3 Bf2 35. Nd1 Bg3 36. Ng5+ Kh6 37. Rxg3 h4 38. Rg4 Nf6 39. Nf3 Nxg4 40. hxg4 Rd7 41. Nf2 b6 42. Nd3 1-0

[Event "BL2-Ost 9899"]
[Site "Germany"]
[Date "1999.03.21"]
[Round "8.4"]
[White "Braun, Gottfried"]
[Black "Hackel, Mario"]
[Result "1/2-1/2"]
[WhiteElo "2325"]
[BlackElo "2345"]
[PlyCount "42"]
[EventDate "1998.10.18"]
[EventType "team-tourn"]
[EventRounds "9"]
[EventCountry "GER"]
[SourceTitle "GER-chT2"]
[Source "ChessBase"]
[SourceDate "1999.07.01"]
[SourceVersion "1"]
[SourceVersionDate "1999.07.01"]
[SourceQuality "1"]
[WhiteTeam "Leipzig Lok"]
[BlackTeam "Plauen Koenig"]
[WhiteTeamCountry "GER"]
[BlackTeamCountry "GER"]

1. e4 g6 2. d4 Bg7 3. Nf3 d6 4. Be2 Nf6 5. Nc3 0-0 6. 0-0 c6 7. e5 Ne8 8. Bf4 Nd7 9. Qd2 dxe5 10. dxe5 Nc7 11. Rad1 Ne6 12. Bg3 Qa5 13. Qe3 Qb6 14. Qxb6 axb6 15. a4 Ndc5 16. b3 Na6 17. Nd2 Nb4 18. Nc4 Ra6 19. Ne3 Ra5 20. Nc4 Ra6 21. Ne3 Ra5 1/2-1/2

[Event "BL2-Ost 9899"]
[Site "Germany"]
[Date "1999.02.21"]
[Round "6.2"]
[White "Prusikin, Michael"]
[Black "Hackel, Mario"]
[Result "1/2-1/2"]
[WhiteElo "2475"]
[BlackElo "2345"]
[PlyCount "138"]
[EventDate "1998.10.18"]
[EventType "team-tourn"]
[EventRounds "9"]
[EventCountry "GER"]
[SourceTitle "GER-chT2"]
[Source "ChessBase"]
[SourceDate "1999.07.01"]
[SourceVersion "1"]
[SourceVersionDate "1999.07.01"]
[SourceQuality "1"]
[WhiteTeam "Forchheim"]
[BlackTeam "Plauen Koenig"]
[WhiteTeamCountry "GER"]
[BlackTeamCountry "GER"]

1. c4 Nf6 2. Nc3 d5 3. e3 g6 4. Nf3 Bg7 5. d4 0-0 6. Be2 dxc4 7. Bxc4 c5 8. 0-0 cxd4 9. exd4 Bg4 10. d5 Nbd7 11. Re1 Ne8 12. Bf4 Nd6 13. Bb3 Nf5 14. h3 Bxf3 15. Qxf3 Nc5 16. Rad1 Nd4 17. Qg4 h5 18. Qg3 Nf5 19. Qh2 Nxb3 20. Bc7 Qd7 21. axb3 Rac8 22. Be5 f6 23. Bf4 g5 24. Be3 b5 25. Ne4 Rc2 26. Nc5 Qd6 27. Ne6 Rfc8 28. Bxa7 Rxb2 29. Nd4 Qxh2+ 30. Kxh2 Rxf2 31. Ne2 Rxe2 32. Rxe2 Rc3 33. b4 g4 34. Bc5 Bh6 35. hxg4 hxg4 36. Re4 g3+ 37. Kg1 Kf7 38. Rf1 Kg6 39. Rd1 Bg5 40. Kf1 Kf7 41. Ke2 Rc2+ 42. Kf3 Kg6 43. Bxe7 Rc3+ 44. Ke2 Ne3 45. Rd3 Rc2+ 46. Kf3 Nf1 47. Bc5 Nd2+ 48. Rxd2 Rxd2 49. d6 Rd3+ 50. Ke2 Rd2+ 51. Ke1 f5 52. Re8 Kf7 53. Re5 Kg6 54. Re2 Rd3 55. Re8 Kf7 56. Rb8 Rd2 57. Rxb5 Rxg2 58. Rb7+ Kg6 59. Rb8 Kf7 60. d7 Rd2 61. Rf8+ Kg7 62. Rxf5 Bh6 63. Bf8+ Kg6 64. Bxh6 Rxd7 65. Rg5+ Kxh6 66. Rxg3 Rd4 67. Rb3 Kg5 68. Ke2 Kf5 69. b5 Ke4 1/2-1/2

[Event "BL2-Ost 9798"]
[Site "Germany"]
[Date "1998.??.??"]
[Round "8.5"]
[White "Pfretzschner, Roland"]
[Black "Hackel, Mario"]
[Result "0-1"]
[WhiteElo "2300"]
[BlackElo "2315"]
[PlyCount "48"]
[EventDate "1997.10.??"]
[EventType "team-tourn"]
[EventRounds "9"]
[EventCountry "GER"]
[SourceTitle "EXT 1999"]
[Source "ChessBase"]
[SourceDate "1998.11.16"]
[SourceVersion "1"]
[SourceVersionDate "1998.11.16"]
[SourceQuality "1"]
[WhiteTeam "Hof"]
[BlackTeam "Plauen Koenig"]
[WhiteTeamCountry "GER"]
[BlackTeamCountry "GER"]

1. e4 Nf6 2. Nc3 d6 3. d4 g6 4. Be2 Bg7 5. Be3 c6 6. f4 Qb6 7. e5 Nd5 8. Nxd5 cxd5 9. Nf3 Qxb2 10. 0-0 0-0 11. Bd3 Nc6 12. Qd2 Qa3 13. Rab1 Na5 14. Rb5 b6 15. Rxd5 Be6 16. Rb5 Nc4 17. Qc1 Qa4 18. Rb1 Rac8 19. Rf2 Nxe3 20. Qxe3 Rc3 21. Qc1 Rfc8 22. Qb2 Bd5 23. Qb4 Qxa2 24. Rff1 Rxc2 0-1